000 00748nam a22002417a 4500
005 20170123162319.0
010 _aA-795108
020 _c50.00
035 _aA-795108
037 _bCen Lib/Ret
040 _aDPL
_bUR
082 _a844.08
_bا ب و
245 _aمولانا آزاد اور رفاقت قرآنی /
246 _aMolana Azad aur rafaqat qurani /
260 _aپٹنہ
_bخدا بخش اورینٹڈ پبلک لائبریری
_c1995
270 _bپٹنہ
300 _a129p.
_c19cm(Hb)
650 _aاردو ادب
_9116406
650 _aاردو سوانے عمری
_9116407
650 _aUrdu literature
_9116408
650 _aUrdu biography
_9511
942 _2ddc
_cUR
_h844.08
_mا ب و
999 _c106984
_d106984